Aplikovaná poistná štatistika

Recenzia vysokoškolskej učebnice RNDr. Viery Pacákovej, CSc.: Aplikovaná poistná štatistika. Učebnica je spojením troch monografií - Modely individuálnych poistných plnení, Modely rizika a Teória kredibility. Publikácia vysvetľuje teoretické základy aj praktické aplikácie moderných poistných vied za...

Descrizione completa

Salvato in:
Dettagli Bibliografici
Autore principale: Huťka, Vladimír
Natura: Capitolo di libro
Lingua:slovacco
Soggetti:
Tags: Aggiungi Tag
Nessun Tag, puoi essere il primo ad aggiungerne!!

MARC

LEADER 00000naa a2200000 4500
001 r036873
005 20230918102406.4
041 0 |a slo 
044 |a SK 
245 1 0 |a Aplikovaná poistná štatistika  |c Vladimír Huťka 
520 |a Recenzia vysokoškolskej učebnice RNDr. Viery Pacákovej, CSc.: Aplikovaná poistná štatistika. Učebnica je spojením troch monografií - Modely individuálnych poistných plnení, Modely rizika a Teória kredibility. Publikácia vysvetľuje teoretické základy aj praktické aplikácie moderných poistných vied založených na teórii pravdepodobnosti a štatistickej indukcii. 
610 2 0 |a štatistika poistná 
610 2 0 |a matematika poistná 
610 2 0 |a učebnice 
610 2 0 |a recenzie 
100 1 |a Huťka, Vladimír